Online
Catalog

Los origenes de la opresión de la mujer : (Record no. 34856)

MARC details
000 -CABECERA
campo de control de longitud fija 01117nam a2200265 a 4500
001 - NÚMERO DE CONTROL
campo de control 000035365
005 - FECHA Y HORA DE LA ÚLTIMA TRANSACCIÓN
campo de control 20260310111532.0
008 - DATOS DE LONGITUD FIJA--INFORMACIÓN GENERAL
campo de control de longitud fija 111028s1979 sp 000 0 spa d
020 ## - NÚMERO INTERNACIONAL ESTÁNDAR DEL LIBRO
Número Internacional Estándar del Libro 8473670612
040 ## - FUENTE DE LA CATALOGACIÓN
Centro catalogador/agencia de origen DO-SdBNP
Lengua de catalogación spa
Centro/agencia transcriptor BNPHU
041 17 - CÓDIGO DE LENGUA
Código de lengua del texto/banda sonora o título independiente spa
Código de lengua original fre
100 1# - ENTRADA PRINCIPAL--NOMBRE DE PERSONA
Nombre de persona Artous, Antoine,
Fechas asociadas al nombre 1946-
9 (RLIN) 61165
245 14 - MENCIÓN DE TÍTULO
Título Los origenes de la opresión de la mujer :
Resto del título sistema capitalista y opresión de la mujer /
Mención de responsabilidad, etc. Antoine Artous ; apéndice de Fréderique Vinteuil: Sobre los orígenes de la opresión de la mujer ; traducción Helga Pawlowsky.
250 ## - MENCIÓN DE EDICIÓN
Mención de edición 2a. ed.
260 ## - PUBLICACIÓN, DISTRIBUCIÓN, ETC.
Lugar de publicación, distribución, etc. Barcelona :
Nombre del editor, distribuidor, etc. Fontamara,
Fecha de publicación, distribución, etc. 1979.
300 ## - DESCRIPCIÓN FÍSICA
Extensión 143, [14] p. ;
Dimensiones 20 cm.
490 0# - MENCIÓN DE SERIE
Mención de serie Argumentos
500 ## - NOTA GENERAL
Nota general Tít. original: Les ofigines de l´opression des femmes (systéme capitaliste et opression des femmes)
510 0# - NOTA DE CITAS O REFERENCIAS BIBLIOGRÁFICAS
Nombre de la fuente Índice analítico y de nombres: p. 145-157
590 ## - NOTA LOCAL (RLIN)
Nota local Perteneció a la biblioteca personal de Juan Isidro Jimenes Grullón
650 20 - PUNTO DE ACCESO ADICIONAL DE MATERIA--TÉRMINO DE MATERIA
Término de materia o nombre geográfico como elemento de entrada Discriminación sexual
9 (RLIN) 61166
700 1# - PUNTO DE ACCESO ADICIONAL--NOMBRE DE PERSONA
Nombre de persona Vinteuil, Fréderique,
Término indicativo de función/relación apénd.
9 (RLIN) 61167
700 1# - PUNTO DE ACCESO ADICIONAL--NOMBRE DE PERSONA
Nombre de persona Pawlowsky, Helga,
Término indicativo de función/relación trad.
9 (RLIN) 61168
830 #0 - PUNTO DE ACCESO ADICIONAL DE SERIE-TÍTULO UNIFORME
Título uniforme Argumentos
9 (RLIN) 8962
Holdings
Estado de retiro Estado de pérdida Restricciones de uso No para préstamo Código de colección Localización permanente Ubicación/localización actual Ubicación en estantería Fecha de adquisición Número de inventario Total de préstamos Signatura topográfica completa Código de barras Fecha visto por última vez Precio válido a partir de Tipo de ítem Koha Nota pública
        Monografías: Libros y Folletos General General Orden iniciada 28.10.2011 LF1   35365-10 25.06.2020 25.06.2020 No se presta Biblioteca Juan Isidro Jiménes Grullón

Powered by Koha